UBT Library

CALCULATIONS FOR THE MEDICAL LABORATORY (Record no. 38420)

000 -LEADER
fixed length control field 00276nam a22001217a 4500
008 - FIXED-LENGTH DATA ELEMENTS--GENERAL INFORMATION
fixed length control field 171124b xxu||||| |||| 00| 0 eng d
041 ## - LANGUAGE CODE
Language code of text/sound track or separate title eng
080 ## - UNIVERSAL DECIMAL CLASSIFICATION NUMBER
Universal Decimal Classification number 61
100 ## - Rafti
Rafti 4
101 ## - Shkurtesa
Shkurtesa MP
245 ## - TITLE STATEMENT
Title CALCULATIONS FOR THE MEDICAL LABORATORY
Statement of responsibility, etc REMSON,S.T
942 ## - ADDED ENTRY ELEMENTS (KOHA)
Source of classification or shelving scheme
Item type Books
Holdings
Withdrawn status Lost status Source of classification or shelving scheme Damaged status Not for loan Collection code Permanent location Current location Shelving location Date acquired Total Checkouts Full call number Barcode Date last seen Price effective from Koha item type
          Koleksioni i përgjithshem UBT - Lipjan UBT - Lipjan Koleksioni i përgjithshem 11/24/2017   61 REM 002-2938345 11/24/2017 11/24/2017 Books
UBT Library © 2015-2024. All rights reserved University Education for Business and Technology